00658 2200217 4500001002100000005001500021035002000036007000300056008004100059020001800100082001200118084001800130100001600148245003400164260004400198300001200242500012200254650003800376856001700414990000900431INLIS00000000000012120220128093535 a0010-0122000121ta220128 g 0 ind  a9786020254975 a006.693 a006.693 SOF d0 aSofi Ansori1 aDesain 3D dengan AutoCAD 2015 aJakarta :bElex Media Komputindo,c2013 a168 hlm aPembagian materi terdiri dari pengenalan autoCAD 2015, Teknik menguasai AutoCAD 2015 dan teknik menggambar desain 3D. 4aPemrograman untuk Komputer Grafis aKoleksi Umum a4762